[Event "Gamble on The Gambit 1"]
[Site "SchemingMind.com"]
[Date "2024.09.23"]
[Round "-"]
[White "cnile"]
[Black "kenneth m day"]
[Result "0-1"]
[WhiteCountry "SCO"]
[BlackCountry "USA"]
[WhiteElo "1275"]
[WhiteRD "60"]
[BlackElo "1564"]
[BlackRD "69"]
[GameID "747501"]

1. e4 e5 2. f4 exf4 3. Nf3 g5 4. h4 g4 5. Ng5 h6 6. Nxf7 Kxf7 7. Qxg4 Nf6 8. Qxf4 d6 9. d4 Bg7 10. Bc4+ Ke8
11. O-O Rf8 12. Nc3 Qe7 13. Bd3 Nc6 14. e5 Nxe5 15. dxe5 dxe5 16. Bg6+ Kd8 17. Rd1+ Bd7 18. Qa4 Kc8 19. Qc4 Be6 20. Qe2 Bg4
21. Qc4 Bxd1 22. Bf5+ Kb8 23. Nxd1 a5 24. Be3 b6 25. Nf2 Rd8 26. a3 Nd5 27. Ne4 Nxe3
0-1

[Event "Gamble on The Gambit 1"]
[Site "SchemingMind.com"]
[Date "2024.09.24"]
[Round "-"]
[White "kenneth m day"]
[Black "cnile"]
[Result "1-0"]
[WhiteCountry "USA"]
[BlackCountry "SCO"]
[WhiteElo "1563"]
[WhiteRD "70"]
[BlackElo "1290"]
[BlackRD "59"]
[GameID "747502"]

1. e4 e5 2. f4 exf4 3. Nf3 g5 4. Nc3 d6 5. h3 h6 6. d4 Nc6 7. Be2 f5 8. exf5 Bxf5 9. O-O Nf6 10. Re1 Bg7
11. Bd3+ Ne7 12. Bxf5 O-O 13. Be6+ Kh8 14. Qd3 d5 15. Bd2 Nh5 16. Ne2 c6 17. Ne5 Nf6 18. Bb4 a5 19. Bxe7
1-0

[Event "Gamble on The Gambit 1"]
[Site "SchemingMind.com"]
[Date "2024.09.27"]
[Round "-"]
[White "cnile"]
[Black "Chessibelle"]
[Result "1-0"]
[WhiteCountry "SCO"]
[BlackCountry "ENG"]
[WhiteElo "1290"]
[WhiteRD "59"]
[BlackElo "1001"]
[BlackRD "58"]
[GameID "747637"]

1. e4 e5 2. f4 d6 3. Nf3 h6 4. Nc3 a6 5. Bc4 Nf6 6. O-O Be7 7. fxe5 Nfd7 8. e6 Nf6 9. exf7+ Kf8 10. d4 c6
11. e5 Nfd7 12. exd6 Bxd6 13. Bd2 b5 14. Bb3 Nf6 15. Qe1 c5 16. dxc5 Bxc5+ 17. Kh1 Nc6 18. Nh4 Rh7 19. Ng6#
1-0

[Event "Gamble on The Gambit 1"]
[Site "SchemingMind.com"]
[Date "2024.09.27"]
[Round "-"]
[White "Chessibelle"]
[Black "cnile"]
[Result "1-0"]
[WhiteCountry "ENG"]
[BlackCountry "SCO"]
[WhiteElo "1026"]
[WhiteRD "58"]
[BlackElo "1275"]
[BlackRD "60"]
[GameID "747638"]

1. e4 e5 2. f4 exf4 3. Nf3 g5 4. b3 Bg7 5. c3 d6 6. Be2 h6 7. d4 Nf6 8. Qc2 Nc6 9. a4 Bg4 10. h3 Bh5
11. b4 Bg6 12. Nbd2 Qe7 13. Ba3 O-O 14. O-O-O Rae8 15. Bd3 Nxe4 16. Rde1 d5 17. c4 Nxb4 18. Bxb4 Qxb4 19. Nb1 c6 20. Kd1 f5
21. Nh2 Bxd4 22. Nf3 Qd6 23. Nxd4 Ng3 24. Rhg1 Bh5+ 25. Kc1 b6 26. Nc3 Ne4 27. Qb3 Nf2 28. Bc2 Bg6 29. Bb1 f3 30. Nxf3 dxc4
31. Qxc4+ Kh7 32. h4 Ng4 33. Qa2 Qf4+ 34. Nd2 Ne3 35. g3 Qb4 36. Qa1 Nc4 37. Bc2 Rxe1+ 38. Rxe1 Nxd2 39. Kxd2 Rd8+ 40. Ke2 Bh5+
41. Kf2 Qd4+ 42. Kf1 Qd2 43. Bxf5+ Kg8 44. Be6+ Kf8 45. Ne4 Qd3+ 46. Kg1 Qd4+ 47. Nf2 Qxa1 48. Rxa1 Ke7 49. Bb3 Kf6 50. Ne4+ Kf5
51. Re1 Rd3 52. Bc2 Rd2 53. Nxd2+
1-0

[Event "Gamble on The Gambit 1"]
[Site "SchemingMind.com"]
[Date "2024.09.27"]
[Round "-"]
[White "kenneth m day"]
[Black "Chessibelle"]
[Result "1-0"]
[WhiteCountry "USA"]
[BlackCountry "ENG"]
[WhiteElo "1563"]
[WhiteRD "70"]
[BlackElo "1001"]
[BlackRD "58"]
[GameID "747639"]

1. e4 e5 2. f4 Nc6 3. Nf3 d6 4. Nc3 h6 5. Bc4 Nf6 6. O-O b6 7. fxe5 dxe5 8. d3 Bc5+ 9. Kh1 O-O 10. Bd2 Bg4
11. h3 Bd7 12. Qe2 Ne7 13. Nxe5 Bc8 14. Rad1 Kh7 15. Bxf7 Kh8 16. Bc4 Kh7 17. Bf4 c6 18. Nf3 Nh5 19. Bh2 Ng6 20. d4 Ngf4
21. Qe3 Be7 22. Ne2 Ne6 23. Qd3 g6 24. Ne5 Bb7 25. Bxe6 b5 26. Nxg6 Kxg6 27. e5+ Kg7 28. Bg4 Qe8 29. Rxf8 Bxf8 30. Qf5 Nf6
31. Qxf6+ Kh7 32. Bf5+ Kg8 33. Nf4 Bg7 34. Be6+ Kh8 35. Qf5 Qe7 36. Ng6+
1-0

[Event "Gamble on The Gambit 1"]
[Site "SchemingMind.com"]
[Date "2024.09.25"]
[Round "-"]
[White "Chessibelle"]
[Black "kenneth m day"]
[Result "0-1"]
[WhiteCountry "ENG"]
[BlackCountry "USA"]
[WhiteElo "1001"]
[WhiteRD "58"]
[BlackElo "1563"]
[BlackRD "70"]
[GameID "747640"]

1. e4 e5 2. f4 exf4 3. Nf3 d6 4. Be2 Nc6 5. a3 Nf6 6. d3 Be7 7. Bxf4 O-O 8. c3 Bg4 9. Nbd2 Re8 10. O-O Nh5
11. Be3 Nf6 12. b4 Qd7 13. c4 Ne5 14. d4 Nxf3+ 15. Nxf3 Qe6 16. d5 Qd7 17. h3 Bxf3 18. Bxf3 Rac8 19. Bf4 Bf8 20. g4 Nxe4
21. Bc1 Re5 22. Bf4 Ree8 23. Qd3 Nf6 24. Bd1 g6 25. Bc2 Bg7 26. Rad1 Re7 27. h4 Rce8 28. Qd4 Qxg4+ 29. Kf2 Re2#
0-1

[Event "Gamble on The Gambit 1"]
[Site "SchemingMind.com"]
[Date "2024.09.27"]
[Round "-"]
[White "cnile"]
[Black "Henk Miedema"]
[Result "1-0"]
[WhiteCountry "SCO"]
[BlackCountry "NED"]
[WhiteElo "1290"]
[WhiteRD "59"]
[BlackElo "801"]
[BlackRD "99"]
[GameID "747686"]

1. e4 e5 2. f4 d6 3. Nf3 f6 4. Bc4 Nc6 5. O-O Nh6 6. fxe5 dxe5 7. Nc3 f5 8. d3 f4 9. Bd2 Bc5+ 10. Kh1 Bg4
11. Nd5 Nd4 12. Qe1 Nxc2 13. Qe2 Nxa1 14. Rxa1 O-O 15. Bc3 Qd7 16. Bxe5 Qf5 17. Ne7+ Kh8 18. Nxf5 Nxf5 19. Rc1 a6 20. Qd2 Be3
21. Qc3 Bxc1 22. exf5 Be3 23. Bxg7#
1-0

[Event "Gamble on The Gambit 1"]
[Site "SchemingMind.com"]
[Date "2024.09.27"]
[Round "-"]
[White "Henk Miedema"]
[Black "cnile"]
[Result "0-1"]
[WhiteCountry "NED"]
[BlackCountry "SCO"]
[WhiteElo "775"]
[WhiteRD "81"]
[BlackElo "1275"]
[BlackRD "59"]
[GameID "747687"]

1. e4 e5 2. f4 exf4 3. d3 Qh4+ 4. Kd2 Qf2+ 5. Qe2 Qd4 6. Nf3 Qb6 7. Kd1 d6 8. Bxf4 Qxb2 9. h3 Qxa1 10. Nd2 Qf6
11. Qe3 Nc6 12. Bg5 Qg6 13. d4 Nf6 14. Bd3 Qh5+ 15. g4 Bxg4+ 16. Kc1 Be7 17. Qf4 Nxd4 18. Nf1 Be2 19. Ng3 Qf3 20. Qxf3 Bxf3
21. Rf1 O-O 22. Nc3 Bg2 23. Rf2 Bxh3 24. Rh2 Be6 25. a3 Rfe8 26. Na4 c5 27. Bb5 Nf3 28. Rf2 a6 29. Bd3 Nxg5 30. Nb6 Rab8
31. Na4 Ng4 32. Nb2 Nxf2 33. Na4 Nxd3+ 34. cxd3 b5 35. Nc3 b4 36. Nge2 bxc3 37. Nxc3 Bf6 38. a4 Bxc3 39. Kc2 Bd4 40. Kd2 Rb2+
41. Kc1 Reb8 42. a5 Nf3 43. Kd1 Rh2 44. Kc1 Be3+ 45. Kd1 Bb3#
0-1

[Event "Gamble on The Gambit 1"]
[Site "SchemingMind.com"]
[Date "2024.09.26"]
[Round "-"]
[White "kenneth m day"]
[Black "Henk Miedema"]
[Result "1-0"]
[WhiteCountry "USA"]
[BlackCountry "NED"]
[WhiteElo "1563"]
[WhiteRD "70"]
[BlackElo "801"]
[BlackRD "99"]
[GameID "747688"]

1. e4 e5 2. f4 exf4 3. Nf3 Nf6 4. e5 Nd5 5. Bc4 Nb6 6. Bb3 Be7 7. O-O O-O 8. d4 Bg5 9. Nxg5 d5 10. Bxf4 Qe7
11. Nc3 Bf5 12. Qh5 Bxc2 13. Bxc2 Nc4 14. Qxh7#
1-0

[Event "Gamble on The Gambit 1"]
[Site "SchemingMind.com"]
[Date "2024.09.26"]
[Round "-"]
[White "Henk Miedema"]
[Black "kenneth m day"]
[Result "0-1"]
[WhiteCountry "NED"]
[BlackCountry "USA"]
[WhiteElo "801"]
[WhiteRD "99"]
[BlackElo "1563"]
[BlackRD "70"]
[GameID "747689"]

1. e4 e5 2. f4 exf4 3. Qf3 Nc6 4. Qxf4 d5 5. c3 Bd6 6. exd5 Bxf4 7. Bc4 Ne5 8. Bb5+ Bd7 9. Be2 Nf6 10. c4 O-O
11. Nh3 Bh6 12. O-O Re8 13. b3 Ne4 14. Na3 Nxd2 15. Bxd2 Bxd2 16. Nc2 Bc3 17. Ne3 Bxa1 18. Nf4 Bd4 19. Nh5 Bxe3+ 20. Kh1 Qg5
21. Ng3 Bg4 22. Bd1 Nd3 23. Bc2 Nf2+ 24. Kg1 Ne4+ 25. Kh1 Nxg3+ 26. hxg3 Qh6#
0-1

[Event "Gamble on The Gambit 1"]
[Site "SchemingMind.com"]
[Date "2024.09.26"]
[Round "-"]
[White "Chessibelle"]
[Black "Henk Miedema"]
[Result "0-1"]
[WhiteCountry "ENG"]
[BlackCountry "NED"]
[WhiteElo "1001"]
[WhiteRD "58"]
[BlackElo "801"]
[BlackRD "99"]
[GameID "747690"]

1. e4 e5 2. f4 exf4 3. Nf3 Nf6 4. h3 Nxe4 5. c3 Bc5 6. d4 Be7 7. Bxf4 O-O 8. Bd3 Nf6 9. a3 Nd5 10. Bd2 d6
11. Qb3 c5 12. Qd1 Qe8 13. c4 Nc7 14. Bc3 Ne6 15. d5 Nd8 16. Bc2 f6 17. b4 Qg6 18. Bxg6 h6
0-1

[Event "Gamble on The Gambit 1"]
[Site "SchemingMind.com"]
[Date "2024.09.26"]
[Round "-"]
[White "Henk Miedema"]
[Black "Chessibelle"]
[Result "0-1"]
[WhiteCountry "NED"]
[BlackCountry "ENG"]
[WhiteElo "801"]
[WhiteRD "99"]
[BlackElo "1001"]
[BlackRD "58"]
[GameID "747691"]

1. e4 e5 2. f4 Nc6 3. d3 d6 4. Qf3 Nf6 5. f5 Be7 6. Qg3 g6 7. Qh3 b6 8. Qh4 h5 9. Bg5 O-O 10. Nc3 Nd4
11. O-O-O Bb7 12. Qg3 Qd7 13. Bh6 Rfe8 14. Be3 c5 15. Bg5 a6 16. Be3 Rac8 17. Qg5 Nh7 18. Qg3 b5 19. Bg5 f6 20. Bxf6 Bxf6
21. Qxg6+ Bg7 22. Qxh5 Re7 23. g4 Nf6 24. Nh3 Nxh5 25. gxh5 Bh6+ 26. Kb1 Qc7 27. Re1 Rf7 28. Rg1+ Kf8 29. Nd1 Qa5 30. Rg6 Qxe1
31. a3 Qxd1+ 32. Ka2 Bd2 33. Ng5 Re7 34. Rf6+ Ke8 35. Nh3 Qxc2 36. Rxd6 Qb3+ 37. Kb1 Qd1+ 38. Ka2 Qxf1 39. f6 Rf7 40. b4 Qxd3
41. Nf4 Qb3+ 42. Ka1 Bc3#
0-1

[Event "Gamble on The Gambit 1"]
[Site "SchemingMind.com"]
[Date "2024.09.30"]
[Round "-"]
[White "cnile"]
[Black "Phillip Beckett"]
[Result "0-1"]
[WhiteCountry "SCO"]
[BlackCountry "ENG"]
[WhiteElo "1275"]
[WhiteRD "60"]
[BlackElo "1572"]
[BlackRD "53"]
[GameID "747738"]

1. e4 e5 2. f4 Qh4+ 3. g3 Qe7 4. Nf3 exf4 5. Nc3 c6 6. Bc4 fxg3 7. hxg3 d5 8. Bb3 dxe4 9. Nd4 Nf6 10. Qe2 Bg4
11. Qf2 Nbd7 12. Qf4 O-O-O 13. d3 exd3+ 14. Kf2 dxc2 15. Bxc2 Qc5 16. Be3 Qe5 17. Qxe5 Nxe5 18. Rac1 Bc5 19. Nce2 Bxd4 20. Nxd4 Kb8
21. Nb3 Nd3+ 22. Bxd3 Rxd3 23. Bf4+ Kc8 24. Rhe1 Rf3+ 25. Kg2 Rd3 26. Re7 Rd7 27. Ree1 Rhd8 28. Nc5 Rd4 29. Re7 R4d7 30. Nxd7 Rxd7
31. Rxd7 Kxd7 32. Rc3 Nd5 33. Rd3 Bf5 34. a3 Ke6 35. b4 Bxd3
0-1

[Event "Gamble on The Gambit 1"]
[Site "SchemingMind.com"]
[Date "2024.09.30"]
[Round "-"]
[White "Phillip Beckett"]
[Black "cnile"]
[Result "1-0"]
[WhiteCountry "ENG"]
[BlackCountry "SCO"]
[WhiteElo "1548"]
[WhiteRD "53"]
[BlackElo "1290"]
[BlackRD "59"]
[GameID "747739"]

1. e4 e5 2. f4 exf4 3. Nf3 g5 4. Bc4 d6 5. O-O Bg7 6. d4 h6 7. c3 Nc6 8. Qb3 Qe7 9. e5 Be6 10. Bxe6 fxe6
11. exd6 Rb8 12. dxe7
1-0

[Event "Gamble on The Gambit 1"]
[Site "SchemingMind.com"]
[Date "2024.09.30"]
[Round "-"]
[White "Phillip Beckett"]
[Black "kenneth m day"]
[Result "1/2-1/2"]
[WhiteCountry "ENG"]
[BlackCountry "USA"]
[WhiteElo "1572"]
[WhiteRD "53"]
[BlackElo "1564"]
[BlackRD "69"]
[GameID "747740"]

1. e4 e5 2. f4 exf4 3. Nf3 d6 4. d4 g5 5. Bc4 Bg4 6. O-O Bg7 7. c3 Nc6 8. Qb3 Na5 9. Bxf7+ Kf8 10. Qd5 c6
11. Qxg5 Bxf3 12. Qxd8+ Rxd8 13. Rxf3 Kxf7 14. Bxf4 Nf6 15. Bg5 Rde8 16. Nd2 b6 17. Raf1 Rhf8 18. Bxf6 Bxf6 19. Rxf6+ Kg7 20. Rxf8 Rxf8
21. Rxf8 Kxf8 22. Kf2 Nb7 23. Kf3 Nd8 24. Kf4 Kf7 25. Kf5 Ne6 26. Nf3 Ng7+ 27. Kg4 Kf6 28. e5+ dxe5 29. dxe5+ Kg6 30. Nh4+ Kf7
31. Kg5 Ne6+ 32. Kf5 Ng7+ 33. Kg5 Ne6+ 34. Kf5 Ng7+ 35. Kg5 Ne6+
1/2-1/2

[Event "Gamble on The Gambit 1"]
[Site "SchemingMind.com"]
[Date "2024.09.30"]
[Round "-"]
[White "kenneth m day"]
[Black "Phillip Beckett"]
[Result "1/2-1/2"]
[WhiteCountry "USA"]
[BlackCountry "ENG"]
[WhiteElo "1564"]
[WhiteRD "69"]
[BlackElo "1572"]
[BlackRD "53"]
[GameID "747741"]

1. e4 e5 2. f4 Qh4+ 3. g3 Qe7 4. d3 exf4 5. Bxf4 d5 6. Qe2 dxe4 7. Nc3 exd3 8. Qxe7+ Bxe7 9. Bxd3 c6 10. O-O-O Be6
11. Nf3 Nd7 12. Rhe1 Ngf6 13. Ne5 Nxe5 14. Bxe5 O-O 15. Bf4 Bb4 16. Bd2 Rad8 17. a3 Be7 18. Bf4 Bc5 19. Bc7 Rc8 20. Be5 Nd5
21. Nxd5 Bxd5 22. Be4 Bxe4 23. Rxe4 Rfe8 24. Rde1 Re6 25. Bc3 Rce8 26. Rxe6 Rxe6 27. Rxe6 fxe6 28. Kd2 Kf7 29. Be5 Bg1 30. h3 g5
31. Kd3 Kg6 32. Ke2 Kf5 33. Bd6 e5 34. c3 Bh2 35. Kf3 Bg1 36. g4+ Kf6 37. Ke4 Bh2 38. c4 Ke6 39. Bc7 Bf4 40. b3 Bh2
41. Bb8 a6 42. Bc7 b5 43. c5 Bf4= 44. Bb8 Bh2 45. Bd6=
1/2-1/2

[Event "Gamble on The Gambit 1"]
[Site "SchemingMind.com"]
[Date "2024.09.28"]
[Round "-"]
[White "Phillip Beckett"]
[Black "Chessibelle"]
[Result "1-0"]
[WhiteCountry "ENG"]
[BlackCountry "ENG"]
[WhiteElo "1548"]
[WhiteRD "53"]
[BlackElo "1001"]
[BlackRD "58"]
[GameID "747742"]

1. e4 e5 2. f4 Nc6 3. Nf3 d6 4. Bc4 h6 5. O-O Nf6 6. fxe5 dxe5 7. c3 Be7 8. d3 O-O 9. Nbd2 g6 10. Qc2 a6
11. Bb3 b5 12. a4 Na5 13. axb5 Qd7 14. Nxe5 Qxb5 15. Nef3 Ng4 16. Ba4 Qb6+ 17. Kh1 Ne3 18. Qb1 Nxf1 19. Nxf1 Qf2 20. Bf4 f6
21. Ng3 Qc5 22. b4 Qb6 23. bxa5 Qc5 24. Bb3+ Kh7 25. Qc2 g5 26. Bd2 Bb7 27. d4 Qb5 28. c4 Qd7 29. e5+ Kg7 30. exf6+ Bxf6
31. Nf5+ Kg8 32. Nxh6+ Kg7 33. Nf5+ Kg8 34. Nh6+ Kh8 35. Bc3 Kg7 36. Nf5+ Kf7 37. c5+ Ke8 38. Re1+ Kd8 39. Be6 Qh7 40. d5 c6
41. d6 Rh8 42. Bxf6+ Ke8 43. Bg8+ Kf8 44. Bxh7 Rxh7 45. Bg7+ Kg8 46. Qc4#
1-0

[Event "Gamble on The Gambit 1"]
[Site "SchemingMind.com"]
[Date "2024.09.28"]
[Round "-"]
[White "Chessibelle"]
[Black "Phillip Beckett"]
[Result "0-1"]
[WhiteCountry "ENG"]
[BlackCountry "ENG"]
[WhiteElo "1001"]
[WhiteRD "58"]
[BlackElo "1548"]
[BlackRD "53"]
[GameID "747743"]

1. e4 e5 2. f4 Qh4+ 3. g3 Qe7 4. Nc3 exf4 5. gxf4 d5 6. d3 c6 7. Be2 dxe4 8. dxe4 Qh4+ 9. Kd2 Qxf4+ 10. Kd3 Qd6+
11. Ke3 Qxd1 12. Bxd1 Nf6 13. a3 Bc5+ 14. Ke2 Be6 15. Kd3 Nbd7 16. b4 Bb6 17. Nf3 O-O-O 18. Nd2 Ne5+ 19. Ke2 Bd4 20. Kf1 Bxc3
21. h4 Bxd2 22. Bb2 Neg4 23. Bf3 Ne3+ 24. Kf2 Nfg4+ 25. Kg3 Nh6 26. Bxg7 Rhg8 27. Kf2 Rxg7 28. Ke2 Bc4+ 29. Kf2 Neg4+ 30. Kg2 Ne5+
31. Kh2 Nxf3+ 32. Kh3 Be6#
0-1

[Event "Gamble on The Gambit 1"]
[Site "SchemingMind.com"]
[Date "2024.09.28"]
[Round "-"]
[White "Phillip Beckett"]
[Black "Henk Miedema"]
[Result "1-0"]
[WhiteCountry "ENG"]
[BlackCountry "NED"]
[WhiteElo "1572"]
[WhiteRD "53"]
[BlackElo "735"]
[BlackRD "87"]
[GameID "747744"]

1. e4 e5 2. f4 d5 3. exd5 Qxd5 4. fxe5 Qxe5+ 5. Qe2 Qxe2+ 6. Bxe2 Be7 7. Nf3 Bf5 8. c3 Nf6 9. d4 Ne4 10. Nbd2 Bg5
11. Nxe4 Bxe4 12. Nxg5 Bxg2 13. Rg1 g6 14. Rxg2 O-O 15. Bd2 Nc6 16. O-O-O Ne7 17. Ne4 Kg7 18. Rf1 Nd5 19. h4 Rfe8 20. Bd3 Re6
21. h5 a6 22. hxg6 fxg6 23. Ng5 Rf6 24. Rxf6 Nxf6 25. Rh2 Re8 26. Re2 a5 27. Rxe8 Nxe8 28. Ne6+ Kf7 29. Nc5 b6 30. Bc4+ Kf8
31. Ne6+ Kf7 32. Nxc7+ Ke7 33. Nxe8 Kxe8 34. Bh6 Ke7 35. Kd2 Kf6 36. Ke3 a4 37. Kf4 Ke7 38. Bg8 Kf6 39. Bxh7 a3 40. b3 b5
41. Bf8 b4 42. c4 Kf7 43. Bxb4 Kf6 44. d5 Kg7 45. Bxg6 Kxg6 46. Ke5 Kf7 47. d6 Ke8 48. Ke6 Kd8 49. d7 Kc7 50. Ke7 Kc6
51. d8=Q Kb7 52. Qd6 Kc8 53. Qc6+ Kb8 54. Bd6+ Ka7 55. Qb5 Ka8 56. Kd7 Ka7 57. Kc7 Ka8 58. Qa6#
1-0

[Event "Gamble on The Gambit 1"]
[Site "SchemingMind.com"]
[Date "2024.09.29"]
[Round "-"]
[White "Henk Miedema"]
[Black "Phillip Beckett"]
[Result "0-1"]
[WhiteCountry "NED"]
[BlackCountry "ENG"]
[WhiteElo "801"]
[WhiteRD "99"]
[BlackElo "1548"]
[BlackRD "53"]
[GameID "747745"]

1. e4 e5 2. f4 Qh4+ 3. g3 Qe7 4. Qf3 exf4 5. Qxf4 d5 6. Ne2 Qxe4 7. Nc3 Qxh1 8. g4 Bd6 9. Qe3+ Ne7 10. Qf2 Bxg4
11. Nxd5 Bh3 12. Nxc7+ Bxc7 13. Nf4 Qxf1+ 14. Qxf1 Bxf1 15. Kxf1 Bxf4 16. b3 Nbc6 17. d3 Bxc1 18. Rxc1 O-O-O 19. c4 Rxd3 20. Rc2 Nf5
21. Rf2 Ncd4 22. b4 Re8 23. Rg2 Ne3+ 24. Kf2 Nef5 25. Rg4 Re2+ 26. Kf1 Rd1#
0-1

[Event "Gamble on The Gambit 1"]
[Site "SchemingMind.com"]
[Date "2024.10.01"]
[Round "-"]
[White "cnile"]
[Black "ray winteringham"]
[Result "1-0"]
[WhiteCountry "SCO"]
[BlackCountry "ENG"]
[WhiteElo "1290"]
[WhiteRD "59"]
[BlackElo "1482"]
[BlackRD "48"]
[GameID "747799"]

1. e4 e5 2. f4 exf4 3. Nf3 Be7 4. Bc4 d6 5. d4 Bg5 6. O-O Bg4 7. Nc3 Nf6 8. Qd3 Nbd7 9. Nxg5 Nh5 10. Nxf7 Ke7
11. Nxd8 Raxd8 12. Nd5+ Ke8 13. Nxc7+ Ke7 14. Nd5+ Ke8 15. Bxf4 Ndf6 16. Rae1 Kd7 17. Bb5+ Kc8 18. Qc4+ Kb8 19. Qc7+ Ka8 20. Bxd6 Rc8
21. Qb8+ Rxb8 22. Nc7#
1-0

[Event "Gamble on The Gambit 1"]
[Site "SchemingMind.com"]
[Date "2024.10.01"]
[Round "-"]
[White "ray winteringham"]
[Black "cnile"]
[Result "0-1"]
[WhiteCountry "ENG"]
[BlackCountry "SCO"]
[WhiteElo "1490"]
[WhiteRD "49"]
[BlackElo "1275"]
[BlackRD "60"]
[GameID "747800"]

1. e4 e5 2. f4 exf4 3. d4 Qh4+ 4. Ke2 d5 5. Nf3 Bg4 6. Bxf4 dxe4 7. Bg3 exf3+ 8. Kf2 Qf6 9. gxf3 Bd7 10. Bxc7 Nc6
11. Qe2+ Be7 12. c3 Rc8 13. Bg3 Nh6 14. Kg2 O-O 15. Nd2 a6 16. Ne4 Qg6 17. h4 Nf5 18. Qf2 Nxh4+ 19. Kg1 f5 20. Nc5 f4
21. Nxd7 Rf7 22. Ne5 Qxg3+ 23. Qxg3 fxg3 24. Nxf7 Kxf7 25. Re1 Nxf3+ 26. Kg2 Nxe1+ 27. Kxg3 Re8 28. Bc4+ Kf8 29. Rf1+ Bf6 30. d5 Na5
0-1

[Event "Gamble on The Gambit 1"]
[Site "SchemingMind.com"]
[Date "2024.10.01"]
[Round "-"]
[White "Phillip Beckett"]
[Black "ray winteringham"]
[Result "1-0"]
[WhiteCountry "ENG"]
[BlackCountry "ENG"]
[WhiteElo "1548"]
[WhiteRD "53"]
[BlackElo "1482"]
[BlackRD "48"]
[GameID "747801"]

1. e4 e5 2. f4 Nf6 3. Nc3 Bc5 4. Nf3 exf4 5. d4 Bb4 6. e5 Nd5 7. Bd2 Nxc3 8. bxc3 Be7 9. Bxf4 b6 10. Bc4 O-O
11. O-O Bb7 12. Qd2 d6 13. exd6 Bxd6 14. Bxd6 Qxd6 15. Bd3 Qd5 16. Rfe1 Nd7 17. Be4 Qxe4 18. Rxe4 Bxe4 19. Re1 Bxf3 20. gxf3 Nf6
21. Kf2 Rad8 22. Rg1 g6 23. Qg5 Kg7 24. h4 Rfe8 25. h5 Re4 26. h6+ Kg8 27. Qxf6
1-0

[Event "Gamble on The Gambit 1"]
[Site "SchemingMind.com"]
[Date "2024.10.01"]
[Round "-"]
[White "ray winteringham"]
[Black "Phillip Beckett"]
[Result "1/2-1/2"]
[WhiteCountry "ENG"]
[BlackCountry "ENG"]
[WhiteElo "1482"]
[WhiteRD "48"]
[BlackElo "1548"]
[BlackRD "53"]
[GameID "747802"]

1. e4 e5 2. f4 Qh4+ 3. g3 Qe7 4. d4 exf4 5. Nc3 fxg3 6. hxg3 c6 7. Bf4 d5 8. e5 f6 9. Nge2 fxe5 10. Bxe5 Nd7
11. Bf4 Ndf6 12. a3 Ne4 13. Bg2 Nxc3 14. bxc3 Bg4 15. Kd2 Qxe2+ 16. Qxe2+ Bxe2 17. Kxe2 Nf6 18. Kd3 O-O-O 19. Be5 Bd6 20. Bxf6 gxf6
21. Rhf1 Rdf8 22. Rf3 Rhg8 23. Bh3+ Kc7 24. a4 Rxg3 25. Rf1 Rxf3+ 26. Rxf3 Ba3 27. c4 dxc4+ 28. Kxc4 Bd6 29. Rc3 f5 30. d5 cxd5+
31. Kxd5+ Kd7 32. Rf3 Rf6 33. Rxf5 Rxf5+ 34. Bxf5+ Kc7 35. Bxh7 Bb4=
1/2-1/2

[Event "Gamble on The Gambit 1"]
[Site "SchemingMind.com"]
[Date "2024.10.01"]
[Round "-"]
[White "kenneth m day"]
[Black "ray winteringham"]
[Result "1-0"]
[WhiteCountry "USA"]
[BlackCountry "ENG"]
[WhiteElo "1563"]
[WhiteRD "70"]
[BlackElo "1482"]
[BlackRD "48"]
[GameID "747803"]

1. e4 e5 2. f4 Nf6 3. Nc3 d6 4. Nf3 Bg4 5. Be2 Nc6 6. O-O exf4 7. d4 a6 8. Bxf4 Be7 9. e5 dxe5 10. dxe5 Nd7
11. Qd3 h6 12. Rad1 Bxf3 13. Bxf3 Nb4 14. Qe4 Rb8 15. Qf5 g6 16. Qe4 O-O 17. Bxh6 Re8 18. e6 Bc5+ 19. Be3 Rxe6 20. Bxc5 Rxe4
21. Bxe4 Qg5 22. Bxb4 Nb6 23. Rf3 Nc4 24. Nd5 Rc8 25. Bc3 Kf8 26. Bf6 Qh6 27. Rh3 Qxh3 28. gxh3 Kg8 29. Ne7+
1-0

[Event "Gamble on The Gambit 1"]
[Site "SchemingMind.com"]
[Date "2024.10.01"]
[Round "-"]
[White "ray winteringham"]
[Black "kenneth m day"]
[Result "0-1"]
[WhiteCountry "ENG"]
[BlackCountry "USA"]
[WhiteElo "1490"]
[WhiteRD "49"]
[BlackElo "1564"]
[BlackRD "69"]
[GameID "747804"]

1. e4 e5 2. f4 exf4 3. d4 d6 4. Nf3 g5 5. b3 Bg7 6. Bb2 Bg4 7. Be2 h6 8. O-O Ne7 9. c3 Nbc6 10. h3 Bd7
11. Nbd2 O-O 12. a4 f5 13. exf5 Nxf5 14. b4 Ne3 15. Qc1 Nxf1 16. Nxf1 Qe7 17. Qc2 Rae8 18. Re1 Qf7 19. b5 Ne7 20. N3d2 Nd5
21. Qd1 Bf5 22. Nf3 Ne3 23. Nxe3 Rxe3 24. Kf2 Rfe8 25. Bc1 R3e7 26. Ng1 Be4 27. Nf3 Bd5 28. Bd2 Qf5 29. c4 Bf7 30. d5 g4
31. Nh4 Qg5 32. g3 gxh3 33. Bxf4 Qf6 34. Qd4 Qxd4+
0-1

[Event "Gamble on The Gambit 1"]
[Site "SchemingMind.com"]
[Date "2024.10.01"]
[Round "-"]
[White "ray winteringham"]
[Black "Chessibelle"]
[Result "1-0"]
[WhiteCountry "ENG"]
[BlackCountry "ENG"]
[WhiteElo "1482"]
[WhiteRD "48"]
[BlackElo "1001"]
[BlackRD "58"]
[GameID "747805"]

1. e4 e5 2. f4 d6 3. Nf3 Nc6 4. f5 Nf6 5. Nc3 Be7 6. Bb5 Bd7 7. O-O a6 8. Be2 Nd4 9. d3 c6 10. h3 O-O
11. Be3 c5 12. a3 Be8 13. Bg5 h6 14. Bxf6 Bxf6 15. Rb1 g6 16. fxg6 fxg6 17. Nd5 Bg7 18. c3 b6 19. cxd4 exd4 20. Qb3 g5
21. g4 Kh7 22. Nh2 Rb8 23. Rxf8 Bxf8 24. Rf1 Bg7 25. Rf2 b5 26. Qc2 Qd7 27. Rf8 Bxf8 28. Nf6+ Kg7 29. Nxd7 Bxd7 30. Nf1 Be7
31. Ng3 Rf8 32. Nf5+ Bxf5 33. exf5 Bf6 34. b4 Rc8 35. Kg2 Re8 36. Bf3 Be5 37. Qf2 Ra8 38. Bxa8
1-0

[Event "Gamble on The Gambit 1"]
[Site "SchemingMind.com"]
[Date "2024.10.01"]
[Round "-"]
[White "ray winteringham"]
[Black "Henk Miedema"]
[Result "1-0"]
[WhiteCountry "ENG"]
[BlackCountry "NED"]
[WhiteElo "1482"]
[WhiteRD "48"]
[BlackElo "801"]
[BlackRD "99"]
[GameID "747807"]

1. e4 e5 2. f4 exf4 3. d4 Bb4+ 4. c3 Be7 5. Bxf4 Bh4+ 6. g3 Be7 7. Bg2 Bg5 8. Qg4 f6 9. Nf3 Nh6 10. Qh3 Qe7
11. Nxg5 O-O 12. Nf3 Qxe4+ 13. Kf2 Qc2+ 14. Nbd2 d6 15. Rab1 Qa4 16. Qh5 Be6 17. Nh4 Qxa2 18. Be4 Qa6 19. Qf3 Qb5 20. Bxb7 Nd7
21. Bxa8 Bc4 22. Be4 Ba2 23. Bd3 Qb6 24. Qe4 Bxb1 25. Qxh7+ Kf7 26. Bg6+ Ke6 27. Rxb1 Rb8 28. Qxg7 Ng4+ 29. Kg2 Qa6 30. Qf7#
1-0

[Event "Gamble on The Gambit 1"]
[Site "SchemingMind.com"]
[Date "2024.10.01"]
[Round "-"]
[White "Henk Miedema"]
[Black "ray winteringham"]
[Result "0-1"]
[WhiteCountry "NED"]
[BlackCountry "ENG"]
[WhiteElo "801"]
[WhiteRD "99"]
[BlackElo "1482"]
[BlackRD "48"]
[GameID "747808"]

1. e4 e5 2. f4 exf4 3. Qf3 Qh4+ 4. Qf2 Qxf2+ 5. Kxf2 Bc5+ 6. Ke2 Ne7 7. d3 O-O 8. Nf3 Ng6 9. Bxf4 Nxf4+ 10. Kd2 Nc6
11. g3 d6 12. gxf4 Bg4 13. Ne1 Nd4 14. Nc3 Rfe8 15. Nd5 Nf3+ 16. Kc1 Nxe1 17. Bg2 Nxg2 18. Rg1 Bxg1 19. Kd2 Be3+ 20. Kc3 Nxf4
21. Nxc7 Rec8 22. Kb3 Rxc7 23. Re1 Bb6 24. Rf1 g5 25. Re1 Rac8 26. c3 Nxd3 27. Rg1 Be6+ 28. Kc2 Nf4 29. Rxg5+ Ng6 30. e5 dxe5
31. Rg2 Bd5 32. Rd2 Be4+ 33. Kd1 Bf3+ 34. Kc1 Be3 35. Kc2 Bxd2 36. Kxd2 Rd8+ 37. Kc2 Bd1+ 38. Kc1 Rcd7 39. b3 Rd3 40. c4 Rd2
41. h3 Rxa2 42. b4 Rdd2 43. Kb1 Ba4 44. c5 Rh2 45. b5 Rag2 46. b6 Rg1#
0-1